[Event "CP-2016-P-00032"]
[Site "LSS email"]
[Date "2016.09.27"]
[Round "?"]
[White "Iacobitz, Lucian Valentin"]
[Black "Tarmak, Mart"]
[Result "1/2-1/2"]
[WhiteElo "1880"]
[BlackElo "2122"]
[PlyCount "63"]
[EventDate "2016.10.01"]
[EventType "tourn (corr)"]
[EventRounds "6"]
[EventCountry "GER"]
[SourceTitle "Corr 2022"]
[Source "ChessBase"]
[SourceDate "2021.10.24"]
[SourceVersion "1"]
[SourceVersionDate "2021.10.24"]
[SourceQuality "1"]

1. e4 d6 2. d4 Nf6 3. Nc3 g6 4. f4 Bg7 5. Nf3 0-0 6. Bd3 Na6 7. 0-0 c5 8. d5 Bg4 9. Bc4 Nc7 10. h3 Bxf3 11. Qxf3 Nd7 12. a4 a6 13. Qd3 Nb6 14. Ba2 Qd7 15. a5 Nc8 16. Bb3 b5 17. axb6 Nxb6 18. Na4 Rab8 19. f5 Qb5 20. c4 Qe8 21. Bd1 Nd7 22. Ra2 Qd8 23. Be3 Ne5 24. Qc2 e6 25. fxe6 fxe6 26. Rxf8+ Qxf8 27. b3 Qf6 28. Qf2 Qxf2+ 29. Rxf2 Re8 30. Re2 Nd7 31. Bf4 Bd4+ 32. Kh2 1/2-1/2

[Event "CP-2016-P-00032"]
[Site "LSS email"]
[Date "2016.09.27"]
[Round "?"]
[White "Iacobitz, Lucian Valentin"]
[Black "Trent, Benjamin"]
[Result "1/2-1/2"]
[WhiteElo "1880"]
[BlackElo "1800"]
[PlyCount "65"]
[EventDate "2016.10.01"]
[EventType "tourn (corr)"]
[EventRounds "6"]
[EventCountry "GER"]
[SourceTitle "Corr 2022"]
[Source "ChessBase"]
[SourceDate "2021.10.24"]
[SourceVersion "1"]
[SourceVersionDate "2021.10.24"]
[SourceQuality "1"]

1. e4 c6 2. d4 d5 3. Nc3 dxe4 4. Nxe4 Bf5 5. Ng3 Bg6 6. h4 h6 7. Nf3 Nd7 8. h5 Bh7 9. Bd3 Bxd3 10. Qxd3 e6 11. Bd2 Ngf6 12. 0-0-0 Be7 13. Qe2 c5 14. Rhe1 0-0 15. Nf5 cxd4 16. Nxe7+ Qxe7 17. Nxd4 Rfd8 18. g4 Nc5 19. c3 Nce4 20. f3 Nxd2 21. Rxd2 Qc7 22. Red1 Qf4 23. Qh2 Qg5 24. Kb1 Rac8 25. Rd3 Qa5 26. Qe2 Qb6 27. Ka1 Nd5 28. Nf5 Re8 29. Qd2 Qc7 30. a3 b5 31. Ne3 Nf6 32. Nc2 a5 33. Kb1 1/2-1/2

[Event "SB-2016-0-00460"]
[Site "LSS email"]
[Date "2016.08.20"]
[Round "?"]
[White "Iacobitz, Lucian Valentin"]
[Black "Dreisch, Juergen"]
[Result "1-0"]
[WhiteElo "1880"]
[BlackElo "2002"]
[PlyCount "23"]
[EventDate "2016.07.18"]
[EventType "tourn (corr)"]
[EventRounds "6"]
[EventCountry "GER"]
[SourceTitle "Corr 2022"]
[Source "ChessBase"]
[SourceDate "2021.10.24"]
[SourceVersion "1"]
[SourceVersionDate "2021.10.24"]
[SourceQuality "1"]

1. e4 c6 2. d4 g6 3. c4 d5 4. e5 Be6 5. cxd5 Bxd5 6. Nc3 e6 7. Nxd5 cxd5 8. Bb5+ Nc6 9. Bxc6+ bxc6 10. Nf3 Qa5+ 11. Bd2 Bb4 12. 0-0 1-0

[Event "SB-2016-0-00460"]
[Site "LSS email"]
[Date "2016.08.20"]
[Round "?"]
[White "Krohg, Georg A"]
[Black "Iacobitz, Lucian Valentin"]
[Result "1-0"]
[WhiteElo "1861"]
[BlackElo "1880"]
[PlyCount "35"]
[EventDate "2016.07.18"]
[EventType "tourn (corr)"]
[EventRounds "6"]
[EventCountry "GER"]
[SourceTitle "Corr 2022"]
[Source "ChessBase"]
[SourceDate "2021.10.24"]
[SourceVersion "1"]
[SourceVersionDate "2021.10.24"]
[SourceQuality "1"]

1. e4 e5 2. Bc4 Nf6 3. d3 c6 4. Nf3 d5 5. Bb3 Bd6 6. exd5 Nxd5 7. 0-0 0-0 8. Re1 Re8 9. Bg5 Qc7 10. c4 Ne7 11. c5 Bxc5 12. Nc3 Nd7 13. Rc1 h6 14. Ne4 b6 15. Bxh6 gxh6 16. Nh4 Rf8 17. Qh5 Kg7 18. g4 1-0

[Event "SB-2016-0-00460"]
[Site "LSS email"]
[Date "2016.08.20"]
[Round "?"]
[White "Neumann, Ulf"]
[Black "Iacobitz, Lucian Valentin"]
[Result "0-1"]
[WhiteElo "1916"]
[BlackElo "1880"]
[PlyCount "94"]
[EventDate "2016.07.18"]
[EventType "tourn (corr)"]
[EventRounds "6"]
[EventCountry "GER"]
[SourceTitle "Corr 2022"]
[Source "ChessBase"]
[SourceDate "2021.10.24"]
[SourceVersion "1"]
[SourceVersionDate "2021.10.24"]
[SourceQuality "1"]

1. b3 e5 2. e3 d5 3. Bb2 Bd6 4. c4 c6 5. Nf3 Nd7 6. Be2 Ngf6 7. d4 e4 8. Nfd2 0-0 9. Nc3 Ne8 10. cxd5 cxd5 11. Nxd5 Qg5 12. Nc3 Qxg2 13. Rf1 Ndf6 14. Ncxe4 Nxe4 15. Bf3 Nxf2 16. Bxg2 Nxd1 17. Rxd1 Bxh2 18. Bf3 Nd6 19. Kf2 Nf5 20. Ne4 a5 21. Rh1 Bb8 22. Be2 Nd6 23. Bf3 Re8 24. Nc5 a4 25. bxa4 Nc4 26. Ba1 Ra7 27. Rhg1 g6 28. Ne4 Kg7 29. d5+ Be5 30. Bxe5+ Rxe5 31. Rd4 Rxa4 32. Nc3 Rb4 33. Be2 b5 34. Nxb5 Rxb5 35. Bxc4 Rb2+ 36. Kf3 Bd7 37. e4 Rh5 38. Rd3 Rh4 39. Ra3 h5 40. Rb3 Rc2 41. Bd3 Rxa2 42. Ke3 Rh3+ 43. Kd4 Rd2 44. Kc4 h4 45. Re1 Bc8 46. Ra1 Rf3 47. e5 h3 0-1

[Event "BI-2016-F-0000"]
[Site "LSS email"]
[Date "2016.02.14"]
[Round "?"]
[White "Koehler, Josef"]
[Black "Iacobitz, Lucian Valentin"]
[Result "1/2-1/2"]
[WhiteElo "2105"]
[BlackElo "1829"]
[PlyCount "72"]
[EventDate "2016.02.20"]
[EventType "tourn (corr)"]
[EventRounds "10"]
[EventCountry "GER"]
[SourceTitle "Corr 2022"]
[Source "ChessBase"]
[SourceDate "2021.10.24"]
[SourceVersion "1"]
[SourceVersionDate "2021.10.24"]
[SourceQuality "1"]

1. Nf3 g6 2. g3 Bg7 3. Bg2 e5 4. d3 d5 5. 0-0 Nc6 6. Nbd2 Nge7 7. c4 0-0 8. cxd5 Nxd5 9. Qa4 h6 10. Ne4 f5 11. Nc3 Be6 12. Bd2 Qe8 13. Nh4 Nxc3 14. Bxc3 Nd4 15. Qd1 Rd8 16. e3 Nb5 17. Bb4 Nd6 18. Qc2 Qf7 19. Nf3 Bd5 20. Rac1 Rd7 21. a3 e4 22. dxe4 Bxe4 23. Qe2 Rfd8 24. Rfd1 Ne8 25. Rxd7 Rxd7 26. Bc5 b6 27. Bd4 Qd5 28. Ne1 c5 29. Bxg7 Kxg7 30. b4 Bxg2 31. Nxg2 cxb4 32. Qb2+ Kh7 33. axb4 g5 34. Ne1 Nd6 35. Qc2 Ne4 36. Nf3 Nxg3 1/2-1/2

[Event "CP-2015-P-00002"]
[Site "LSS email"]
[Date "2015.09.28"]
[Round "?"]
[White "Muhl, Patrick"]
[Black "Iacobitz, Lucian Valentin"]
[Result "1-0"]
[WhiteElo "2459"]
[BlackElo "1833"]
[PlyCount "103"]
[EventDate "2015.10.01"]
[EventType "tourn (corr)"]
[EventRounds "6"]
[EventCountry "GER"]
[SourceTitle "Corr 2022"]
[Source "ChessBase"]
[SourceDate "2021.10.24"]
[SourceVersion "1"]
[SourceVersionDate "2021.10.24"]
[SourceQuality "1"]

1. d4 Nf6 2. c4 e5 3. dxe5 Ng4 4. Bf4 Nc6 5. Nf3 Bb4+ 6. Nc3 Bxc3+ 7. bxc3 Qe7 8. Qd5 f6 9. exf6 Nxf6 10. Qd3 d6 11. g3 0-0 12. Bg2 Bg4 13. 0-0 Rae8 14. Rfe1 Nd7 15. Qd5+ Be6 16. Qb5 Nb6 17. c5 dxc5 18. Bg5 Qd6 19. Rad1 Bc4 20. Qb1 Qe6 21. Be3 Bxa2 22. Ng5 Bxb1 23. Nxe6 Rxe6 24. Rxb1 Rfe8 25. Bf3 Re5 26. Bf4 R5e7 27. Ra1 h6 28. h4 Rf8 29. Be3 Rf5 30. g4 Rfe5 31. Bf4 R5e6 32. Kg2 Rd7 33. Reb1 Ree7 34. Kg3 Kh7 35. h5 Kg8 36. Be3 Re5 37. Rb2 Kf7 38. Bf4 Re6 39. Rb5 c4 40. e3 Ke8 41. Bg2 a6 42. Rc5 Kd8 43. g5 hxg5 44. Bxg5+ Ke8 45. Bh3 Red6 46. Bxd7+ Rxd7 47. Kh4 a5 48. e4 Rf7 49. f4 Rd7 50. e5 Rd3 51. f5 Rxc3 52. f6 1-0

[Event "BI-2015-P-0000"]
[Site "LSS email"]
[Date "2015.04.16"]
[Round "?"]
[White "Ilyin, Igor"]
[Black "Iacobitz, Lucian Valentin"]
[Result "1-0"]
[WhiteElo "1988"]
[BlackElo "1850"]
[PlyCount "87"]
[EventDate "2015.04.22"]
[EventType "tourn (corr)"]
[EventRounds "10"]
[EventCountry "GER"]
[SourceTitle "Corr 2022"]
[Source "ChessBase"]
[SourceDate "2021.10.24"]
[SourceVersion "1"]
[SourceVersionDate "2021.10.24"]
[SourceQuality "1"]

1. e4 e5 2. Nf3 Nc6 3. Bb5 a6 4. Ba4 Nf6 5. 0-0 Be7 6. Re1 b5 7. Bb3 d6 8. c3 0-0 9. h3 Na5 10. Bc2 c5 11. d4 Qc7 12. Nbd2 cxd4 13. cxd4 Bb7 14. d5 Bc8 15. Nf1 Bd7 16. Bd3 Rfc8 17. Rb1 g6 18. Ng3 Be8 19. b3 Nd7 20. Be3 Nb7 21. b4 Nb6 22. Qe2 Nd8 23. Nd2 Na4 24. Qf1 Qd7 25. f4 a5 26. a3 Rc3 27. bxa5 Rxa5 28. Nb3 Ra8 29. Bd2 Rcc8 30. Qf3 Nb7 31. Rf1 Nc3 32. Ra1 exf4 33. Qxf4 Ra4 34. Qf3 Nc5 35. Nxc5 Rxc5 36. Nh5 Qd8 37. Bh6 Rc8 38. Kh1 Bh4 39. Rae1 Ra6 40. Ng7 Qd7 41. Re3 Be7 42. a4 Bh4 43. axb5 Rb6 44. Qf4 1-0

[Event "BI-2015-P-0000"]
[Site "LSS email"]
[Date "2015.04.16"]
[Round "?"]
[White "Neumann, Otto"]
[Black "Iacobitz, Lucian Valentin"]
[Result "0-1"]
[WhiteElo "745"]
[BlackElo "1850"]
[PlyCount "40"]
[EventDate "2015.04.22"]
[EventType "tourn (corr)"]
[EventRounds "10"]
[EventCountry "GER"]
[SourceTitle "Corr 2022"]
[Source "ChessBase"]
[SourceDate "2021.10.24"]
[SourceVersion "1"]
[SourceVersionDate "2021.10.24"]
[SourceQuality "1"]

1. d4 d5 2. Nf3 c6 3. Bf4 Bg4 4. e3 e6 5. Be2 Bd6 6. Ne5 Bxe2 7. Qxe2 Nf6 8. Bg5 Qb6 9. c3 Bxe5 10. dxe5 Ne4 11. Bf4 g5 12. Bg3 Nd7 13. Na3 h5 14. h3 Nxg3 15. fxg3 Qc7 16. g4 hxg4 17. Qxg4 Qxe5 18. Nc2 Nf6 19. Qb4 Qg3+ 20. Kf1 Ne4 0-1

[Event "BI-2015-P-0000"]
[Site "LSS email"]
[Date "2015.04.16"]
[Round "?"]
[White "Rook, Detlef"]
[Black "Iacobitz, Lucian Valentin"]
[Result "1-0"]
[WhiteElo "2399"]
[BlackElo "1850"]
[PlyCount "111"]
[EventDate "2015.04.22"]
[EventType "tourn (corr)"]
[EventRounds "10"]
[EventCountry "GER"]
[SourceTitle "Corr 2022"]
[Source "ChessBase"]
[SourceDate "2021.10.24"]
[SourceVersion "1"]
[SourceVersionDate "2021.10.24"]
[SourceQuality "1"]

1. e4 e5 2. Bc4 Bc5 3. Nf3 Nc6 4. c3 Nf6 5. d3 a6 6. Nbd2 0-0 7. h3 Ba7 8. Bb3 d6 9. Nf1 d5 10. Qe2 h6 11. g4 d4 12. Ng3 Qd6 13. 0-0 Rd8 14. Rd1 Rb8 15. Nh4 Ne7 16. Qf3 Rf8 17. Kh1 Be6 18. g5 hxg5 19. Bxg5 Bxb3 20. axb3 Qe6 21. Bxf6 Qxf6 22. Qxf6 gxf6 23. Nhf5 Nxf5 24. Nxf5 Kh7 25. Kg2 Rbd8 26. b4 Rg8+ 27. Kf3 dxc3 28. bxc3 c6 29. d4 Bb8 30. Rg1 Rg6 31. Rab1 exd4 32. cxd4 Bd6 33. Rg4 Rg5 34. Rh4+ Kg8 35. Ke3 Rg6 36. Kd3 Bf8 37. Kc4 Re8 38. Kb3 Rc8 39. Ka4 Re8 40. Ka5 Rd8 41. Rg4 Kh7 42. Rbg1 Bd6 43. Ka4 Bf8 44. f3 Bh6 45. Ka5 Bf8 46. h4 Rd7 47. h5 Rxg4 48. fxg4 Be7 49. Rd1 Bd8+ 50. Ka4 Bc7 51. d5 Kg8 52. d6 Bb8 53. Rg1 Kh8 54. g5 fxg5 55. e5 Rd8 56. Rxg5 1-0

[Event "BI-2015-F-0000"]
[Site "LSS email"]
[Date "2015.02.12"]
[Round "?"]
[White "Iacobitz, Lucian Valentin"]
[Black "Lombart, Philippe"]
[Result "1-0"]
[WhiteElo "1837"]
[BlackElo "1674"]
[PlyCount "85"]
[EventDate "2015.02.11"]
[EventType "tourn (corr)"]
[EventRounds "10"]
[EventCountry "GER"]
[SourceTitle "Corr 2022"]
[Source "ChessBase"]
[SourceDate "2021.10.24"]
[SourceVersion "1"]
[SourceVersionDate "2021.10.24"]
[SourceQuality "1"]

1. e4 e5 2. Nf3 Nc6 3. Bb5 a6 4. Ba4 Nf6 5. 0-0 Nxe4 6. d4 b5 7. Bb3 d5 8. dxe5 Be6 9. Nbd2 Bc5 10. Nxe4 dxe4 11. Bxe6 fxe6 12. Ng5 Qxd1 13. Rxd1 0-0 14. Nxe4 Bb6 15. Be3 Bxe3 16. fxe3 Nxe5 17. b3 Rf5 18. Ng3 Rf7 19. h3 Raf8 20. Rf1 Rxf1+ 21. Rxf1 Rxf1+ 22. Kxf1 Kf7 23. Ne4 h6 24. Ke2 Nd7 25. Kd3 c5 26. a3 Ke7 27. c4 Ne5+ 28. Kc3 Nd7 29. cxb5 axb5 30. b4 Nb6 31. bxc5 Nd5+ 32. Kd4 b4 33. axb4 Nxb4 34. Nf2 Nc6+ 35. Kc4 Kd7 36. Nd3 Kc7 37. Nf4 Kd7 38. Kb5 Ne5 39. Ne2 Nc6 40. Nd4 Nd8 41. Kb6 Kc8 42. Nb5 Kb8 43. c6 1-0

[Event "CP-2014-P-00040"]
[Site "LSS email"]
[Date "2014.09.30"]
[Round "?"]
[White "Astralov, Valeriy"]
[Black "Iacobitz, Lucian Valentin"]
[Result "1-0"]
[WhiteElo "1649"]
[BlackElo "1855"]
[PlyCount "97"]
[EventDate "2014.10.01"]
[EventType "tourn (corr)"]
[EventRounds "6"]
[EventCountry "GER"]
[SourceTitle "Corr 2022"]
[Source "ChessBase"]
[SourceDate "2021.10.24"]
[SourceVersion "1"]
[SourceVersionDate "2021.10.24"]
[SourceQuality "1"]

1. d4 d5 2. c4 e5 3. dxe5 d4 4. a3 Nc6 5. Nf3 Nge7 6. b4 Ng6 7. Bb2 a5 8. b5 Ncxe5 9. Qxd4 Qxd4 10. Bxd4 Nxc4 11. e3 Nd6 12. Nbd2 Bd7 13. a4 Nf5 14. Bc3 Nd6 15. h3 Ne7 16. Be2 Nd5 17. Bb2 Be7 18. Bxg7 Rg8 19. Bd4 Rxg2 20. Ne5 Rg8 21. Nxd7 Kxd7 22. Rc1 Nb4 23. Nc4 Ke6 24. Nxd6 Bxd6 25. Ba1 Rg5 26. f4 Rg2 27. Kf1 Rg3 28. Bg4+ f5 29. Kf2 Rxg4 30. hxg4 Nd3+ 31. Kf3 fxg4+ 32. Kxg4 Nxc1 33. Rxc1 Rg8+ 34. Kf3 Rf8 35. Rh1 Rf7 36. Ke4 Bf8 37. Bc3 b6 38. Rh5 Kd7 39. f5 Ke8 40. Kd5 Rd7+ 41. Kc6 Bc5 42. Be5 Bxe3 43. Rh3 Bf2 44. Bxc7 Rf7 45. Rh6 Rxf5 46. Bxb6 Bxb6 47. Kxb6 Rf7 48. Kxa5 Kd8 49. b6 1-0

[Event "BI-2014-P-0033"]
[Site "LSS email"]
[Date "2014.04.19"]
[Round "?"]
[White "Iacobitz, Lucian Valentin"]
[Black "De Levo, Michele"]
[Result "1/2-1/2"]
[WhiteElo "1792"]
[BlackElo "2182"]
[PlyCount "61"]
[EventDate "2014.04.25"]
[EventType "tourn (corr)"]
[EventRounds "10"]
[EventCountry "GER"]
[SourceTitle "Corr 2015"]
[Source "ChessBase"]
[SourceDate "2015.07.17"]
[SourceVersion "1"]
[SourceVersionDate "2015.07.17"]
[SourceQuality "1"]

1. e4 c5 2. Nf3 d6 3. d4 cxd4 4. Nxd4 Nf6 5. Nc3 a6 6. Bg5 e6 7. f4 Qb6 8. Qd2 Qxb2 9. Rb1 Qa3 10. e5 dxe5 11. fxe5 Nfd7 12. Ne4 h6 13. Bh4 Qxa2 14. Rd1 Qd5 15. Qe3 Qxe5 16. Be2 Bc5 17. Bg3 Bxd4 18. Rxd4 Qa5+ 19. Rd2 0-0 20. Bd6 Re8 21. 0-0 Nc6 22. Qg3 Qb6+ 23. Kh1 Ne7 24. Be5 Ng6 25. Bxg7 Kxg7 26. Bh5 Nde5 27. Bxg6 Nxg6 28. Rxf7+ Kxf7 29. Qf3+ Kg7 30. Qf6+ Kh7 31. Qf7+ 1/2-1/2

[Event "BI-2014-P-0033"]
[Site "LSS email"]
[Date "2014.04.19"]
[Round "?"]
[White "Johnson, Heinrich"]
[Black "Iacobitz, Lucian Valentin"]
[Result "1-0"]
[WhiteElo "2011"]
[BlackElo "1792"]
[PlyCount "75"]
[EventDate "2014.04.25"]
[EventType "tourn (corr)"]
[EventRounds "10"]
[EventCountry "GER"]
[SourceTitle "Corr 2015"]
[Source "ChessBase"]
[SourceDate "2015.07.17"]
[SourceVersion "1"]
[SourceVersionDate "2015.07.17"]
[SourceQuality "1"]

1. e4 e5 2. Nf3 Nf6 3. d4 Nxe4 4. Bd3 d5 5. Nxe5 Nd7 6. Nxd7 Bxd7 7. 0-0 Qh4 8. c4 0-0-0 9. c5 g5 10. Nc3 Bg7 11. g3 Qh6 12. Nxe4 dxe4 13. Bxe4 f5 14. Bg2 f4 15. Qb3 c6 16. d5 Rhf8 17. Bd2 cxd5 18. Ba5 Rde8 19. Rad1 Bc6 20. Bxd5 Be5 21. Rd2 fxg3 22. hxg3 Qf6 23. Qc4 Bxd5 24. Rxd5 Kb8 25. b4 Rc8 26. b5 Bc7 27. Bd2 h6 28. Be3 Qe6 29. c6 b6 30. Re1 Rf3 31. Kg2 Rff8 32. Red1 Qf7 33. Qe2 Qe6 34. R1d4 Rf7 35. a4 Qg6 36. a5 bxa5 37. Rd7 Re8 38. R4d6 1-0